<?xml version="1.0" encoding="UTF-8"?>
<record
    xmlns:xsi="http://www.w3.org/2001/XMLSchema-instance"
    xsi:schemaLocation="http://www.loc.gov/MARC21/slim http://www.loc.gov/standards/marcxml/schema/MARC21slim.xsd"
    xmlns="http://www.loc.gov/MARC21/slim">

  <leader>01042nam a22002417a 4500</leader>
  <controlfield tag="003">NALT</controlfield>
  <controlfield tag="005">20250401145421.0</controlfield>
  <controlfield tag="008">      s2557    th                  tha d</controlfield>
  <datafield tag="020" ind1=" " ind2=" ">
    <subfield code="a">9786163742414</subfield>
  </datafield>
  <datafield tag="040" ind1=" " ind2=" ">
    <subfield code="a">NALT</subfield>
  </datafield>
  <datafield tag="041" ind1=" " ind2=" ">
    <subfield code="a">tha</subfield>
  </datafield>
  <datafield tag="090" ind1=" " ind2=" ">
    <subfield code="a">KC 7 </subfield>
    <subfield code="b">&#xE2D;623&#xE01; 2557</subfield>
  </datafield>
  <datafield tag="100" ind1="0" ind2=" ">
    <subfield code="a">&#xE2D;&#xE32;&#xE19;&#xE19;&#xE17;&#xE4C; &#xE21;&#xE32;&#xE40;&#xE21;&#xE49;&#xE32;</subfield>
    <subfield code="9">33740</subfield>
  </datafield>
  <datafield tag="245" ind1="1" ind2="0">
    <subfield code="a">&#xE01;&#xE32;&#xE23;&#xE41;&#xE1A;&#xE48;&#xE07;&#xE41;&#xE22;&#xE01;&#xE23;&#xE30;&#xE2B;&#xE27;&#xE48;&#xE32;&#xE07;&#xE23;&#xE31;&#xE10;&#xE01;&#xE31;&#xE1A;&#xE28;&#xE32;&#xE2A;&#xE19;&#xE08;&#xE31;&#xE01;&#xE23; : </subfield>
    <subfield code="b">&#xE21;&#xE42;&#xE19;&#xE17;&#xE31;&#xE28;&#xE19;&#xE4C;&#xE17;&#xE32;&#xE07;&#xE19;&#xE34;&#xE15;&#xE34;&#xE1B;&#xE23;&#xE31;&#xE0A;&#xE0D;&#xE32;&#xE41;&#xE25;&#xE30;&#xE01;&#xE0E;&#xE2B;&#xE21;&#xE32;&#xE22;&#xE21;&#xE2B;&#xE32;&#xE0A;&#xE19; /</subfield>
    <subfield code="c">&#xE2D;&#xE32;&#xE19;&#xE19;&#xE17;&#xE4C; &#xE21;&#xE32;&#xE40;&#xE21;&#xE49;&#xE32;.</subfield>
  </datafield>
  <datafield tag="260" ind1=" " ind2=" ">
    <subfield code="a">&#xE01;&#xE23;&#xE38;&#xE07;&#xE40;&#xE17;&#xE1E;&#xE2F; : </subfield>
    <subfield code="b">&#xE40;&#xE14;&#xE37;&#xE2D;&#xE19;&#xE15;&#xE38;&#xE25;&#xE32;, </subfield>
    <subfield code="c">2557.</subfield>
  </datafield>
  <datafield tag="300" ind1=" " ind2=" ">
    <subfield code="a">111 &#xE2B;&#xE19;&#xE49;&#xE32; ;</subfield>
    <subfield code="b"> </subfield>
    <subfield code="c">21 &#xE0B;&#xE21;.</subfield>
  </datafield>
  <datafield tag="650" ind1=" " ind2="4">
    <subfield code="a">&#xE28;&#xE32;&#xE2A;&#xE19;&#xE32;&#xE01;&#xE31;&#xE1A;&#xE01;&#xE0E;&#xE2B;&#xE21;&#xE32;&#xE22; </subfield>
    <subfield code="9">33741</subfield>
  </datafield>
  <datafield tag="650" ind1=" " ind2="4">
    <subfield code="a">&#xE28;&#xE32;&#xE2A;&#xE19;&#xE32;&#xE01;&#xE31;&#xE1A;&#xE01;&#xE32;&#xE23;&#xE40;&#xE21;&#xE37;&#xE2D;&#xE07; </subfield>
    <subfield code="9">33742</subfield>
  </datafield>
  <datafield tag="650" ind1=" " ind2="4">
    <subfield code="a">&#xE01;&#xE0E;&#xE2B;&#xE21;&#xE32;&#xE22;</subfield>
    <subfield code="9">9350</subfield>
    <subfield code="x">&#xE1B;&#xE23;&#xE31;&#xE0A;&#xE0D;&#xE32;</subfield>
  </datafield>
  <datafield tag="850" ind1=" " ind2=" ">
    <subfield code="a">NALT</subfield>
  </datafield>
  <datafield tag="942" ind1=" " ind2=" ">
    <subfield code="c">LB</subfield>
    <subfield code="2">local</subfield>
  </datafield>
  <datafield tag="999" ind1=" " ind2=" ">
    <subfield code="c">73373</subfield>
    <subfield code="d">73373</subfield>
  </datafield>
  <datafield tag="998" ind1=" " ind2=" ">
    <subfield code="j">111</subfield>
    <subfield code="k"> &#xE19;&#xE32;&#xE07;&#xE2A;&#xE32;&#xE27;&#xE1E;&#xE08;&#xE1E;&#xE34;&#xE13;  &#xE1E;&#xE23;&#xE21;&#xE40;&#xE2D;&#xE35;&#xE48;&#xE22;&#xE21;</subfield>
  </datafield>
  <datafield tag="952" ind1=" " ind2=" ">
    <subfield code="0">0</subfield>
    <subfield code="1">0</subfield>
    <subfield code="2">local</subfield>
    <subfield code="4">0</subfield>
    <subfield code="7">0</subfield>
    <subfield code="8">CLAW</subfield>
    <subfield code="a">NALT</subfield>
    <subfield code="b">NALT</subfield>
    <subfield code="c">LAW</subfield>
    <subfield code="e">&#xE08;&#xE31;&#xE14;&#xE0B;&#xE37;&#xE49;&#xE2D;&#xE17;&#xE23;&#xE31;&#xE1E;&#xE22;&#xE32;&#xE01;&#xE23;</subfield>
    <subfield code="l">1</subfield>
    <subfield code="m">1</subfield>
    <subfield code="o">KC 7 &#xE2D;623&#xE01; 2557</subfield>
    <subfield code="p">3961199835</subfield>
    <subfield code="r">2025-04-17 00:00:00</subfield>
    <subfield code="s">2025-04-01</subfield>
    <subfield code="t">&#xE09;.1</subfield>
    <subfield code="w">2017-06-09</subfield>
    <subfield code="y">LB</subfield>
  </datafield>
  <datafield tag="952" ind1=" " ind2=" ">
    <subfield code="0">0</subfield>
    <subfield code="1">0</subfield>
    <subfield code="2">local</subfield>
    <subfield code="4">0</subfield>
    <subfield code="7">0</subfield>
    <subfield code="8">CLAW</subfield>
    <subfield code="a">NALT</subfield>
    <subfield code="b">NALT</subfield>
    <subfield code="c">LAW</subfield>
    <subfield code="e">&#xE08;&#xE31;&#xE14;&#xE0B;&#xE37;&#xE49;&#xE2D;&#xE17;&#xE23;&#xE31;&#xE1E;&#xE22;&#xE32;&#xE01;&#xE23;</subfield>
    <subfield code="l">1</subfield>
    <subfield code="m">1</subfield>
    <subfield code="o">KC 7 &#xE2D;623&#xE01; 2557</subfield>
    <subfield code="p">3961199836</subfield>
    <subfield code="r">2018-07-05 00:00:00</subfield>
    <subfield code="s">2018-06-21</subfield>
    <subfield code="t">&#xE09;.2</subfield>
    <subfield code="w">2017-06-09</subfield>
    <subfield code="y">LB</subfield>
  </datafield>
</record>
